Historia de la Real Universidad de San Felipe de Santiago de Chile.
Tallennettuna:
| Päätekijä: | |
|---|---|
| Aineistotyyppi: | Kirja |
| Kieli: | espanja |
| Julkaistu: |
Santiago, Chile:
Soc. Imp. y Lit. Universo. Ahumada, 32,
1928.
|
| Aiheet: | |
| Tagit: |
Lisää tagi
Ei tageja, Lisää ensimmäinen tagi!
|
MARC
| LEADER | 00000nam a2200000 a 4500 | ||
|---|---|---|---|
| 001 | UCJ3917 | ||
| 003 | CL-VaPUC | ||
| 005 | 20220822114355.0 | ||
| 008 | 070124e19280000CL |||||||||||||||||spa|d | ||
| 999 | |c 320036 |d 320034 | ||
| 040 | |c Pontificia Universidad Católica de Valparaíso | ||
| 082 | 0 | 4 | |a 983 MED 1928 |2 21 |
| 100 | |a Medina, José Toribio |d autor |9 864577 | ||
| 245 | 1 | 0 | |a Historia de la Real Universidad de San Felipe de Santiago de Chile. |
| 260 | |a Santiago, Chile: |b Soc. Imp. y Lit. Universo. Ahumada, 32, |c 1928. | ||
| 300 | |a 2 Tomos. | ||
| 500 | |a c.2 t.I: Donación Familia Prof. Alejandro Guzmán Brito. c.2 t.II: Donación Familia Prof. Alejandro Guzmán Brito. Publícase a expensas de la comisión oficial organizadora de la concurrencia de Chile a la exposición iberoamericana de Sevilla. 8§.- Anteport.: Universidad de San Felipe.- v. en bl.- Retrato de Don Tomás de Azúa, con el facsímil de su firma.- Port.- v. Tirada de 475 ejemplares en papel corriente y de 25 en papel fino, numerados. Nuestro ejemplar, en papel corriente, es el número 414.- XII 650 págs. | ||
| 505 | |a t.I: Texto. t.II: Documentos. | ||
| 583 | |a last modification |c 20141217 03:26:56 |k Rodrigo Vera | ||
| 610 | |a Universidad de San Felipe de Santiago |9 865641 | ||
| 650 | 0 | |a Universidades |9 256317 | |
| 650 | 0 | |a Educación superior |9 223851 | |
| 650 | 0 | |a Biografías |9 255210 | |
| 650 | 0 | |a Correspondencia |9 258963 | |
| 942 | |c BK |2 ddc |n 0 | ||
| 945 | |d 20070124 00:00:00 |a rinostro | ||
| 952 | |0 0 |1 0 |4 0 |6 983_000000000000000_MED_1928 |7 0 |8 X |9 398484 |a FDOBUD |b FDOBUD |d 2019-11-22 |h v.1 |i 1011014 |o 983 MED 1928 |p 1011014 |r 2019-11-22 |w 2019-11-22 |y BK_X |k BUD | ||
| 952 | |0 0 |1 0 |4 0 |6 983_000000000000000_MED_1928 |7 0 |8 X |9 398485 |a FDOBUD |b FDOBUD |d 2019-11-22 |h v.2 |i 1011022 |o 983 MED 1928 |p 1011022 |r 2019-11-22 |w 2019-11-22 |y BK_X |k BUD | ||
| 952 | |0 0 |1 0 |2 ddc |4 0 |6 983_000000000000000_MED_1928 |7 1 |8 C_AGB |9 580199 |a BIBDER |b BIBDER |d 2022-01-06 |e Donación |h t.I |i 5635470 |o 983 MED 1928 |p 5635470 |r 2023-01-25 |t 2 |w 2022-01-06 |y BK_US |k AGB | ||
| 952 | |0 0 |1 0 |2 ddc |4 0 |6 983_000000000000000_MED_1928 |7 1 |8 C_AGB |9 580200 |a BIBDER |b BIBDER |d 2022-01-06 |e Donación |h t.II |i 5635489 |o 983 MED 1928 |p 5635489 |r 2023-01-25 |t 2 |w 2022-01-06 |y BK_US |k AGB | ||